LEADER 01356nam a2200289 i 4500 001 000000035673 003 CaOOAMICUS 005 20080623000000.0 008 080623s1978 it u000 u ita u 013 $a4171 040 $aSeMil$bita 100 1 $aMura, Gaspare,$d<1937- >.$0(OLS)http://semarc/name/106 245 12$aI nuovi filosofi :$bla coscienza infelice del nostro tempo /$cG. Mura, A. Pieretti, G. [i.e. U.] Galeazzi ; [interviste con Jean-Marie Benoist ... et al.]. 260 $aRoma :$bCittà Nuova,$c1978. 300 $a310 p. ;$c19 cm. 490 0 $aIdee ;$v36 650 4$aNouveaux Philosophes - Filosofia - Francia - Sec. 20.$0(OLS)http://semarc/subject/6587 650 4$aFilosofia contemporanea.$0(OLS)http://semarc/subject/3676 700 1 $aBenoist, Jean-Marie.$0(OLS)http://semarc/name/16696 700 1 $aGaleazzi, Umberto <1942->.$0(OLS)http://semarc/name/16129 700 1 $aPieretti, Antonio <1940- >.$0(OLS)http://semarc/name/363 830 0$aIdee ;$v36.$0(OLS)http://semarc/title/6244 850 $aSeMil 852 $aSeMil$W1$xVenegono$y1$m2P I 525$j1828$B1828$CSeMilBibl$Z2$F1828 $81 961 $aOmaggio: Delpini mons. Mario 996 $6245$aI nuovi filosofi :$bla coscienza infelice del nostro tempo$9(OLS)http://semarc/title/49000 996 $6260$aRoma :$bCittà Nuova$9(OLS)http://semarc/publisher/29609 LEADER 01187nam a2200265 i 4500 001 000000046015 003 CaOOAMICUS 005 20250319150642.0 008 110215s1974 it u000 u ita u 040 $aSeMil$bita 245 00$aEnti locali e Biblioteche in Lombardia /$ca cura di Alessandro Barbetta e Romeo Brambilla. 264 1$aMilano :$bRegione Lombardia,$c1974. 300 $a317 p. ;$c20 cm. 490 1 $aQuaderni di documentazione regionale ;$v12 650 4$aLombardia - Enti locali.$0(OLS)http://semarc/subject/57325 650 4$aLombardia - Biblioteche.$0(OLS)http://semarc/subject/7565 700 1 $aBrambilla, Romeo.$0(OLS)http://semarc/name/22886 700 1 $aBarbetta, Alessandro,$d<1938- >.$0(OLS)http://semarc/name/22885 830 0$aQuaderni di documentazione regionale ;$v12.$0(OLS)http://semarc/title/352 850 $aSeMil 852 $aSeMil$W1$xVenegono$y1$m3M I 366$j255340$B12170$CSeMilBibl$Z2$F12170 $81 961 $aOmaggio: Donazione 996 $6245$aEnti locali e Biblioteche in Lombardia$9(OLS)http://semarc/title/68637 996 $6264$aMilano :$bRegione Lombardia$9(OLS)http://semarc/publisher/30334